000 00244nam a2200097Ia 4500
001 647253
005 20250826153659.0
008 250824s9999 xx 000 0 und d
245 0 _aKÜÇÜK ŞEHZADE
_cCAHİT ZARİFOĞLU
260 _bBEYAN YAYINLARI
999 _c647253
_d647253